000 00650nam a2200229Ia 4500
005 20260430150200.0
008 008 250103s9999 xx 000 0 eng d
037 _aTheses
040 _aCRL
040 _beng
040 _ceng
041 _2eng
041 _aeng
084 _qCRL
100 _aMishra Martand Mani Au.; Sahu Netrananda Gu.
_91236716
245 0 _aClimatic variability and vulnerability assessment of human health in Kalahandi district of Odisha
260 _c2022
300 _a187p.
700 _aUniversity of Delhi. Faculty of Social Sciences. Department of Geography
942 _cTH
999 _c1849154
_d1849154